000 00395nam a2200181Ia 4500
005 20250423100010.0
008 250422s9999 xx 000 0 und d
020 _a9781444109191
050 _aKL 1 .B5/
100 _aBinns, Rebecca H.
245 0 _aLegal system.
260 _aLondon
260 _bHodder
260 _c2010
300 _a337 p
650 _aLegal system.
942 _cBK
999 _c31977
_d31977